El segle XVIII a Catalunya : Pere Soldevila, grumet de la 'Perla' / Sebastià Sorribas Pere Soldevila, grumet de la 'Perla' / Sebastià Sorribas
Descripción Física:
61 p. . il. ; 19'5 x 21 cm
Colección:
Biblioteca de la Classe ; 31
Materias:
Catalunya -- Història -- S. XVIII
MARC
| LEADER | 00000nam a2200000Ia 4500 | ||
|---|---|---|---|
| 001 | 8101 | ||
| 008 | 160829s1988 xx 000 0 cat d | ||
| 080 | |a H-1-197 | ||
| 100 | |a Sorribas, Sebastià |9 25464 | ||
| 245 | |a El segle XVIII a Catalunya : |b Pere Soldevila, grumet de la 'Perla' / Sebastià Sorribas | ||
| 260 | |a Barcelona : |b Graó : |b Diputació de Barcelona. Servei d'Ensenyament i Investigació, |c 1988 | ||
| 300 | |a 61 p. . il. ; |c 19'5 x 21 cm | ||
| 490 | |a Biblioteca de la Classe ; 31 | ||
| 650 | |a Catalunya |x Història |x S. XVIII |9 25465 | ||
| 710 | 1 | |a Barcelona (Catalunya : Província). |b Servei d'Ensenyament i Investigació |9 54366 | |
| 901 | |a Arxiu | ||
| 942 | |n 1 | ||
| 952 | |0 0 |1 0 |4 0 |6 H1197 |7 1 |9 43627 |a Arxiu |b Arxiu |d 2016-12-01 |l 0 |o H-1-197 |p 8101 |r 2016-12-01 00:00:00 |w 2016-12-01 |y ARXIU | ||
| 999 | |c 46175 |d 46175 | ||